Science - Biology | 1 | 5 | 0 | 0 | 65 | 58 | 89.50 | 0 | 1 |
Science - Physics | 1 | 2 | 0 | 0 | 35 | 47 | 67.33 | 0 | 0 |
Other - Other Academic and General Knowledge | 1 | 2 | 0 | 0 | 35 | 71 | 90.33 | 0 | 0 |
Current Events - World | 2 | 0 | 0 | 0 | 30 | 23 | 31.00 | 1 | 2 |
Fine Arts - Music | 0 | 3 | 0 | 0 | 30 | 109 | 120.00 | 0 | 0 |
Science - Computer Science | 1 | 1 | 0 | 0 | 25 | 30 | 73.00 | 1 | 1 |
History - Cross, Historiography, and Miscellaneous | 1 | 1 | 0 | 0 | 25 | 71 | 98.00 | 0 | 0 |
Geography - United States | 0 | 2 | 0 | 0 | 20 | 69 | 79.50 | 0 | 0 |
RMP - World Mythology | 0 | 2 | 0 | 0 | 20 | 101 | 110.50 | 0 | 0 |
Literature - American | 0 | 2 | 0 | 0 | 20 | 97 | 102.00 | 0 | 0 |
History - American | 0 | 2 | 0 | 0 | 20 | 73 | 91.00 | 0 | 0 |
Social Science - Psychology | 1 | 0 | 0 | 0 | 15 | 31 | 31.00 | 0 | 1 |
Fine Arts - Jazz | 0 | 1 | 0 | 0 | 10 | 126 | 126.00 | 0 | 0 |
Social Science - Other | 0 | 1 | 0 | 0 | 10 | 120 | 120.00 | 0 | 0 |
RMP - East Asian Religion | 0 | 1 | 0 | 0 | 10 | 81 | 81.00 | 0 | 0 |
RMP - Christian Practice | 0 | 1 | 0 | 0 | 10 | 119 | 119.00 | 0 | 0 |
Science - Astronomy | 0 | 1 | 0 | 0 | 10 | 112 | 112.00 | 0 | 0 |
History - World | 0 | 1 | 0 | 0 | 10 | 95 | 95.00 | 0 | 0 |
Science - Chemistry | 0 | 1 | 0 | 0 | 10 | 73 | 73.00 | 0 | 0 |
Geography - World | 0 | 1 | 0 | 0 | 10 | 119 | 119.00 | 0 | 0 |
Fine Arts - Miscellaneous | 0 | 1 | 0 | 0 | 10 | 93 | 93.00 | 0 | 0 |
RMP - Philosophy | 0 | 0 | 0 | 0 | 0 | | 0.00 | 0 | 0 |
Science - Engineering and Miscellaneous | 0 | 0 | 0 | 0 | 0 | | 0.00 | 0 | 0 |